000 00697nam a22002177a 4500
003 UA-OsUOA
001 74245
007 ta
008 20110331b un ||||| |||| 00| 0 ukr d
100 _aАракелян О.В.
090 _a159
_bА79
942 _cSA
040 _aUA-OsUOA
_bukr
_cUA-OsUOA
_dUA-OsUOA
245 _aЭтнологическая компетенция учащегося и этнопсиологическая компетенция учителя
300 _aС.124-132
955 _a0
041 _aukr
080 _a159
773 0 _w74237
_tСоциально-гуманитарные знания
_dМ.
_d2011
_g1
650 7 _a1 Філософські науки
_2UDC
999 _c360535
_d360535